| 000 | 01022cam a2200277 a 4500 | ||
|---|---|---|---|
| 999 |
_c17099 _d17099 |
||
| 008 | 000508s2000 nyu 000 0 eng | ||
| 020 | _a0393975738 (pbk.) | ||
| 050 | 0 | 0 |
_aPE1404 _b.B775 2000 |
| 245 | 0 | 2 |
_aA guide to teaching with Literacies : _breading, writing, interpretation / _cTerence Brunk ... [et al.]. |
| 250 | _a2nd ed. | ||
| 260 |
_aNew York : _bW.W. Norton, _cc2000. |
||
| 300 |
_axxxiv, 281 p. ; _c23 cm. |
||
| 630 | 0 | 0 | _aLiteracies. |
| 650 | 0 |
_aEnglish language _xRhetoric _xStudy and teaching. |
|
| 650 | 0 |
_aReport writing _xStudy and teaching. |
|
| 650 | 0 | _aReading (Higher education) | |
| 650 | 0 | _aReading comprehension. | |
| 700 | 1 | _aBrunk, Terence. | |
| 942 |
_2lcc _cBOOKS _hPE1404 .B775 2000 |
||